[Event "75.Camp. Veneto Quarti di Finale"]
[Site "Montebelluna ITA"]
[Date "2015.05.17"]
[Round "5.10"]
[White "Zenari, Marco"]
[Black "Loiacono, Leonardo"]
[Result "0-1"]
[WhiteElo "1966"]
[BlackElo "1854"]
[Annotator "Gabriele Ballarin"]
[PlyCount "62"]
[EventDate "2015.05.15"]
[EventType "swiss"]
[EventRounds "5"]
[EventCountry "ITA"]

1. e4 c5 2. Nf3 Nc6 3. d4 cxd4 4. Nxd4 Nf6 5. Nc3 e5 6. Ndb5 d6 7. Bg5 a6 8. Na3 b5 9. Nd5 Be7 10. Bxf6 Bxf6 11. c3 Bg5 12. Nc2 O-O 13. Be2 Be6 14. O-O Ne7 15. Ncb4 Nxd5 16. Nxd5 f5 17. exf5 Bxf5 18. a4 Kh8 19. axb5 axb5 20. Bxb5 Be4 21. Nb4 Rxa1 22. Qxa1 Bf4 23. Bd3 Bxg2 24. Kxg2 Qg5+ 25. Kf3 e4+ 26. Ke2 Qg4+ 27. f3 Qg2+ 28. Rf2 exf3+ 29. Ke1 Re8+ 30. Be2 Rxe2+ 31. Kd1 Qg1+ 0-1

[Event "75.Camp. Veneto Quarti di Finale"]
[Site "Montebelluna ITA"]
[Date "2015.05.17"]
[Round "5.11"]
[White "Polin, Giulia"]
[Black "Anselmi, Beatrice"]
[Result "1-0"]
[WhiteElo "1858"]
[BlackElo "1733"]
[Annotator "Gabriele Ballarin"]
[PlyCount "75"]
[EventDate "2015.05.15"]
[EventType "swiss"]
[EventRounds "5"]
[EventCountry "ITA"]

1. e4 e5 2. Nf3 Nc6 3. Bb5 a6 4. Ba4 b5 5. Bb3 Nf6 6. O-O Bc5 7. Re1 d6 8. c3 O-O 9. d4 Bb6 10. h3 h6 11. Qd3 Re8 12. Nbd2 Bb7 13. Bc2 Nh5 14. Nf1 exd4 15. Nxd4 Bxd4 16. cxd4 Nb4 17. Qd1 Nxc2 18. Qxc2 Rc8 19. f3 Qf6 20. Be3 Qg6 21. Rac1 Nf6 22. Qf2 d5 23. e5 Nd7 24. f4 f6 25. f5 Qh7 26. e6 Nb6 27. b3 Kh8 28. Qf4 c6 29. Bd2 Qg8 30. Rc3 Qf8 31. Rg3 c5 32. Rg6 Kh7 33. Qh4 cxd4 34. Bxh6 gxh6 35. e7 Qg7 36. Rxg7+ Kxg7 37. Re6 Rc6 38. Qxf6+ 1-0

[Event "75. Reg. Friuli Venezia Giulia"]
[Site "Palmanova"]
[Date "2015.05.23"]
[Round "1.4"]
[White "Bettera, Roberto"]
[Black "Lavarone, Andrea"]
[Result "1-0"]
[WhiteElo "1983"]
[BlackElo "1483"]
[Annotator "Gabriele Ballarin"]
[PlyCount "137"]
[EventDate "2015.05.23"]
[EventType "swiss"]
[EventRounds "6"]
[EventCountry "ITA"]

1. d4 d5 2. c4 e6 3. Nc3 Nf6 4. Bg5 Nbd7 5. e3 c6 6. Nf3 Qa5 7. cxd5 exd5 8. Bd3 Bb4 9. Qc2 h6 10. Bh4 O-O 11. O-O Bxc3 12. bxc3 Re8 13. Nd2 Qc7 14. Rfe1 b6 15. e4 dxe4 16. Nxe4 Nxe4 17. Bxe4 Bb7 {=} 18. Re3 Qf4 19. Bg3 Qg5 20. Rae1 Nf6 21. Bh7+ Kh8 22. Re5 g6 23. Qb3 Kg7 24. h4 Qg4 25. Re7 Rxe7 26. Rxe7 Nd5 27. Rxb7 Qc8 28. Be5+ Kf8 29. Qa3+ Ke8 30. Rxa7 Rxa7 31. Qxa7 Nxc3 32. Qxb6 Nd5 33. Qc5 Qe6 34. h5 Ne7 35. hxg6 fxg6 36. Qd6 Kf7 37. Qxe6+ Kxe6 38. f4 Kf7 39. Kf2 h5 40. Kf3 Ke6 41. a4 Kd7 42. Bf6 Nd5 43. Bg5 Nc3 44. a5 Nb5 45. Ke3 Nd6 46. Bxg6 Nc4+ 47. Ke4 Nxa5 48. Bxh5 Nc4 49. f5 Nd6+ 50. Ke5 Nc4+ 51. Kf6 Nd6 52. Kg6 Nxf5 53. Kxf5 Kd6 54. Ke4 c5 55. dxc5+ Kxc5 56. Ke5 Kc6 57. Be8+ Kc7 58. Be7 Kb7 59. g4 Ka7 60. g5 Kb7 61. g6 Kb6 62. g7 Kb7 63. g8=Q Kb6 64. Qg1+ Kb7 65. Qg2+ Kb8 66. Qc6 Ka7 67. Qb5 Ka8 68. Bc6+ Ka7 69. Bc5# 1-0

[Event "75. Reg. Friuli Venezia Giulia"]
[Site "Palmanova"]
[Date "2015.05.24"]
[Round "2.4"]
[White "Muzzolini, Claudio"]
[Black "Bettera, Roberto"]
[Result "1-0"]
[WhiteElo "1750"]
[BlackElo "1983"]
[Annotator "Gabriele Ballarin"]
[PlyCount "97"]
[EventDate "2015.05.23"]
[EventType "swiss"]
[EventRounds "6"]
[EventCountry "ITA"]

1. e4 e5 2. Nf3 Nc6 3. Bc4 Bc5 4. c3 Nf6 5. Qe2 d6 6. h3 a6 7. b4 Bb6 8. d3 Be6 9. Na3 Qe7 10. Bg5 h6 11. Bd2 O-O 12. Bxe6 fxe6 13. Nc4 Ba7 14. Ne3 Nh5 15. g3 Qf7 16. Nh4 g5 17. Nhg2 Qf3 18. Qxf3 Rxf3 19. Ke2 Raf8 20. Raf1 d5 21. h4 d4 22. Ng4 dxc3 23. Bxc3 Nd4+ 24. Bxd4 Bxd4 25. Nxh6+ Kg7 26. Ng4 gxh4 27. Nxh4 R3f7 28. Ng2 Nf6 29. N2e3 b5 30. Nxf6 Rxf6 31. f3 R6f7 32. Rh4 Ra8 33. Rfh1 a5 34. Ng4 Raf8 35. Rh7+ Kg8 36. Rxf7 Kxf7 37. Rh7+ Kg6 38. Rxc7 axb4 39. Rc6 Ra8 40. Rc2 Ra3 41. f4 exf4 42. gxf4 b3 43. axb3 Rxb3 44. Rc6 Rb2+ 45. Kd1 Kf7 46. Ne5+ Ke7 47. Rc2 Rb1+ 48. Rc1 Rb2 49. Nc6+ 1-0

[Event "75. Reg. Friuli Venezia Giulia"]
[Site "Palmanova"]
[Date "2015.05.24"]
[Round "3.4"]
[White "Bettera, Roberto"]
[Black "Giordano, Massimiliano"]
[Result "1/2-1/2"]
[WhiteElo "1983"]
[BlackElo "1946"]
[Annotator "Gabriele Ballarin"]
[PlyCount "36"]
[EventDate "2015.05.23"]
[EventType "swiss"]
[EventRounds "6"]
[EventCountry "ITA"]

1. d4 d5 2. Nf3 Nf6 3. c4 c6 4. Nc3 a6 5. cxd5 cxd5 6. Qb3 e6 7. Bg5 Be7 8. Rc1 O-O 9. e3 Nbd7 10. Bd3 b5 11. O-O Bb7 12. a4 b4 13. Ne2 Bd6 14. Rc2 Qb6 15. Rfc1 Rac8 16. Bf4 Rxc2 17. Rxc2 Bxf4 18. Nxf4 Rc8 1/2-1/2

[Event "75. Reg. Friuli Venezia Giulia"]
[Site "Palmanova"]
[Date "2015.05.30"]
[Round "4.6"]
[White "Bernard, Federico"]
[Black "Bettera, Roberto"]
[Result "1/2-1/2"]
[WhiteElo "1693"]
[BlackElo "1983"]
[Annotator "Gabriele Ballarin"]
[PlyCount "51"]
[EventDate "2015.05.23"]
[EventType "swiss"]
[EventRounds "6"]
[EventCountry "ITA"]

1. f4 Nf6 2. d4 g6 3. Nf3 Bg7 4. e3 d6 5. Bd3 O-O 6. O-O c5 7. c3 cxd4 8. cxd4 Nc6 9. a3 Qb6 10. Nc3 Bd7 11. Na4 Qc7 12. Bd2 a6 13. b4 b5 14. Nc3 e5 15. fxe5 dxe5 16. d5 Nd8 17. e4 Qb6+ 18. Kh1 Re8 19. Qe2 Nb7 20. Be3 Qd6 21. Rac1 Rac8 22. Na2 Nxd5 23. Rxc8 Bxc8 24. Bc5 Nf4 25. Bxd6 Nxe2 26. Bc7 1/2-1/2

[Event "75. Reg. Friuli Venezia Giulia"]
[Site "Palmanova"]
[Date "2015.05.31"]
[Round "5.6"]
[White "Bettera, Roberto"]
[Black "Poli, Diego"]
[Result "1-0"]
[WhiteElo "1983"]
[BlackElo "1703"]
[Annotator "Gabriele Ballarin"]
[PlyCount "105"]
[EventDate "2015.05.23"]
[EventType "swiss"]
[EventRounds "6"]
[EventCountry "ITA"]

1. d4 d5 2. c4 e6 3. Nc3 c6 4. cxd5 exd5 5. Nf3 Bf5 6. h3 h6 7. Bf4 Nd7 8. e3 Ngf6 9. Be2 Qb6 10. Qc1 Bb4 11. O-O Bxc3 12. bxc3 O-O 13. Nd2 c5 14. Qa3 cxd4 15. cxd4 Rfc8 16. Rac1 Rc6 17. Rxc6 bxc6 18. Rc1 Ne8 19. Nb3 a5 20. Qa4 Rc8 21. Qxa5 Qxa5 22. Nxa5 c5 23. Bf3 Be6 24. dxc5 Rxc5 25. Rxc5 Nxc5 26. Nc6 Kf8 27. Nb4 Ne4 28. a4 Ke7 29. a5 Kd7 30. Be2 N4d6 31. Kf1 f6 32. Ke1 Kc8 33. Ba6+ Kc7 34. Kd2 g5 35. Bh2 Kd7 36. f3 Nc4+ 37. Bxc4 dxc4 38. Kc3 Nc7 39. Bxc7 Kxc7 40. e4 Kb7 41. Nd5 f5 42. Kxc4 fxe4 43. fxe4 h5 44. Kc5 g4 45. hxg4 Bxg4 46. g3 Ka6 47. e5 Kxa5 48. Kd6 Bd1 49. Ne3 Bb3 50. e6 Kb4 51. Nd5+ Ka5 52. e7 Ba4 53. Nf6 1-0

[Event "75. Reg. Friuli Venezia Giulia"]
[Site "Palmanova"]
[Date "2015.05.31"]
[Round "6.5"]
[White "Savoia, Sergio"]
[Black "Bettera, Roberto"]
[Result "1-0"]
[WhiteElo "1867"]
[BlackElo "1983"]
[Annotator "Gabriele Ballarin"]
[PlyCount "67"]
[EventDate "2015.05.23"]
[EventType "swiss"]
[EventRounds "6"]
[EventCountry "ITA"]

1. e4 e5 2. f4 exf4 3. Bc4 Nf6 4. d4 d5 5. exd5 Nxd5 6. Qf3 Be6 7. Bb3 c6 8. Ne2 Bd6 9. O-O O-O 10. c4 Nf6 11. h3 Nbd7 12. Nbc3 Bc7 13. Bxf4 Bxf4 14. Nxf4 Bf5 (14... Re8) 15. g4 Bg6 16. h4 Nb6 17. Rad1 Re8 18. g5 Ne4 19. Nxg6 Nxg5 20. Qg4 Ne6 21. Ne5 Rf8 22. Nxf7 Qd7 23. Nh6+ Kh8 24. Nf5 g6 25. Ne3 Rxf1+ 26. Nxf1 h5 27. Qe4 Kh7 28. c5 Nd5 29. Bxd5 cxd5 30. Nxd5 Rf8 31. Ng3 Kh6 32. b4 Ng7 33. Ne7 Rf6 34. Ng8+ 1-0

[Event "18. Open B"]
[Site "Padova"]
[Date "2015.12.12"]
[Round "1.18"]
[White "Zamengo, Bruno"]
[Black "Stradiotto, Angelo"]
[Result "1-0"]
[WhiteElo "1958"]
[BlackElo "1681"]
[Annotator "Dyotto"]
[PlyCount "57"]
[EventDate "2015.12.12"]
[EventType "swiss"]
[EventRounds "6"]
[EventCountry "ITA"]

1. e4 e5 2. Nf3 Nc6 3. Bb5 a6 4. Ba4 Nf6 5. O-O Nxe4 6. d4 exd4 7. Nxd4 d5 8. Re1 Bd6 9. Qh5 O-O 10. Nxc6 bxc6 11. Bxc6 Rb8 12. Be3 Nf6 13. Qd1 Bxh2+ 14. Kxh2 Qd6+ 15. Kg1 Qxc6 16. Bd4 Bg4 17. f3 Bf5 18. Nc3 Rfe8 19. Qd2 Qd6 20. Rxe8+ Rxe8 21. Qg5 c5 22. Bxf6 Qxf6 23. Qxf6 gxf6 24. Nxd5 Re2 25. Nxf6+ Kg7 26. Nh5+ Kh6 27. Ng3 Re5 28. f4 Rd5 29. c4 1-0

[Event "18. Open B"]
[Site "Padova"]
[Date "2015.12.13"]
[Round "3.17"]
[White "Simonetto, Alessio"]
[Black "Stradiotto, Angelo"]
[Result "1-0"]
[WhiteElo "1890"]
[BlackElo "1681"]
[Annotator "Dyotto"]
[PlyCount "81"]
[EventDate "2015.12.12"]
[EventType "swiss"]
[EventRounds "6"]
[EventCountry "ITA"]

1. e4 e5 2. f4 d5 3. exd5 exf4 4. Nf3 Nf6 5. Bb5+ Bd7 6. Bxd7+ Nbxd7 7. c4 Qe7+ 8. Qe2 Qxe2+ 9. Kxe2 O-O-O 10. d4 Bd6 11. c5 Rhe8+ 12. Kd3 Bxc5 13. dxc5 Nxc5+ 14. Kc4 Re4+ 15. Nd4 b5+ 16. Kxc5 Rxd5+ 17. Kb4 a5+ 18. Kb3 Rexd4 19. a4 b4 20. Nd2 Rxd2 21. Bxd2 Rxd2 22. Rhg1 Ng4 23. Rad1 Re2 24. Rde1 Re3+ 25. Kc4 c6 26. Rxe3 Nxe3+ 27. Kd3 Nd5 28. g3 fxg3 29. hxg3 Kd7 30. Rf1 Ke6 31. Kd4 Nb6 32. b3 Nd5 33. Re1+ Kd6 34. Re8 h5 35. Rh8 g6 36. Ra8 Ne7 37. Rxa5 Nf5+ 38. Kc4 Nxg3 39. Kxb4 h4 40. Rg5 Nf5 41. a5 1-0

[Event "18. Open B"]
[Site "Padova"]
[Date "2015.12.20"]
[Round "5.16"]
[White "Mancin, Michele"]
[Black "Stradiotto, Angelo"]
[Result "1/2-1/2"]
[WhiteElo "1757"]
[BlackElo "1681"]
[Annotator "Dyotto"]
[PlyCount "29"]
[EventDate "2015.12.12"]
[EventType "swiss"]
[EventRounds "6"]
[EventCountry "ITA"]

1. d4 d5 2. e3 c6 3. Bd3 g6 4. Nf3 Nf6 5. O-O Bf5 6. c4 Bxd3 7. Qxd3 dxc4 8. Qxc4 Bg7 9. Nc3 Nd5 10. Rd1 O-O 11. e4 Nxc3 12. bxc3 b5 13. Qb3 a6 14. e5 e6 15. Ba3 1/2-1/2

[Event "18.Città di Padova Open A"]
[Site "Padova"]
[Date "2015.12.13"]
[Round "1.1"]
[White "Georgiev, Kiril"]
[Black "Varvaglione, Antonio"]
[Result "1-0"]
[WhiteElo "2627"]
[BlackElo "2247"]
[Annotator "Gabriele Ballarin"]
[PlyCount "69"]
[EventDate "2015.12.13"]
[EventType "swiss"]
[EventRounds "9"]
[EventCountry "ITA"]
[SourceTitle "The Week in Chess 1101"]
[Source "Mark Crowther"]
[SourceDate "2015.12.14"]
[SourceVersion "1"]
[SourceVersionDate "2015.12.14"]
[SourceQuality "2"]

1. d4 Nf6 2. Nf3 d6 3. c4 g6 4. g3 Bg7 5. Bg2 O-O 6. Nc3 Nbd7 7. O-O e5 8. e4 Re8 9. h3 c6 10. Be3 b6 11. Re1 Bb7 12. Qc2 a6 13. Rad1 Qe7 14. d5 Rac8 15. Qb1 cxd5 16. cxd5 b5 17. a3 Rc7 18. Nd2 Nc5 19. b4 Ncd7 20. Ne2 Rec8 21. Nb3 Qd8 22. Na5 Ba8 23. Rc1 h5 24. Qd3 Bb7 25. a4 bxa4 26. Ra1 Kh7 27. Rxa4 Ra8 28. Rea1 Bh6 29. R4a3 Bxe3 30. Qxe3 Nb8 31. Rc3 Bc8 32. Qb6 Rd7 33. Nc4 Qe7 34. Qe3 Rc7 35. Nb6 1-0

[Event "18.Città di Padova Open A"]
[Site "Padova"]
[Date "2015.12.13"]
[Round "1.2"]
[White "Pescatore, Lorenzo"]
[Black "Vovk, Yuri"]
[Result "0-1"]
[WhiteElo "2243"]
[BlackElo "2626"]
[Annotator "Gabriele Ballarin"]
[PlyCount "120"]
[EventDate "2015.12.13"]
[EventType "swiss"]
[EventRounds "9"]
[EventCountry "ITA"]
[SourceTitle "The Week in Chess 1101"]
[Source "Mark Crowther"]
[SourceDate "2015.12.14"]
[SourceVersion "1"]
[SourceVersionDate "2015.12.14"]
[SourceQuality "2"]

1. e4 c5 2. c3 Nf6 3. e5 Nd5 4. d4 cxd4 5. Nf3 e6 6. cxd4 d6 7. Nc3 Nxc3 8. bxc3 Qc7 9. Bd2 Nd7 10. Ng5 Be7 11. exd6 Bxd6 12. Qh5 Nf6 13. Bb5+ Kf8 14. Qh4 Bd7 15. Bd3 Bc6 16. O-O h6 17. Nf3 Bxf3 18. gxf3 Ke7 19. c4 g5 20. Qh3 Rag8 21. Kh1 g4 22. Qh4 gxf3 23. c5 Bxh2 24. Qxh2 Qxh2+ 25. Kxh2 Rg2+ 26. Kh3 Rd8 27. Bf4 Rxd4 28. Bd6+ Kd8 29. Be5 Rxd3 30. Bxf6+ Kc8 31. Bh4 Rd5 32. Bg3 Rg5 33. Rad1 f5 34. Rd4 e5 35. Bxe5 R2g4 36. Rxg4 fxg4+ 37. Kg3 Rxe5 38. Kxg4 Rxc5 39. Kxf3 Ra5 40. Rc1+ Kd7 41. Rc2 Ra4 42. Ke3 h5 43. Rd2+ Ke6 44. Rb2 b6 45. f4 Ra3+ 46. Ke4 h4 47. Rg2 Kf6 48. Rd2 h3 49. Rd6+ Kg7 50. Rd2 Rg3 51. Kf5 Rg2 52. Rd7+ Kh6 53. Rd3 h2 54. Rh3+ Kg7 55. a3 b5 56. Ke5 a5 57. f5 b4 58. axb4 axb4 59. Kf4 b3 60. Kf3 Rc2 0-1

[Event "18.Città di Padova Open A"]
[Site "Padova"]
[Date "2015.12.13"]
[Round "1.3"]
[White "David, Alberto"]
[Black "Massironi, Marco"]
[Result "1-0"]
[WhiteElo "2585"]
[BlackElo "2242"]
[Annotator "Gabriele Ballarin"]
[PlyCount "53"]
[EventDate "2015.12.13"]
[EventType "swiss"]
[EventRounds "9"]
[EventCountry "ITA"]
[SourceTitle "The Week in Chess 1101"]
[Source "Mark Crowther"]
[SourceDate "2015.12.14"]
[SourceVersion "1"]
[SourceVersionDate "2015.12.14"]
[SourceQuality "2"]

1. e4 c5 2. Nf3 d6 3. Bb5+ Bd7 4. c4 Nf6 5. Nc3 Nc6 6. d4 cxd4 7. Nxd4 a6 8. Bxc6 bxc6 9. c5 e5 10. Nb3 d5 11. Bg5 d4 12. Na4 h6 13. Bxf6 gxf6 14. O-O Rg8 15. f4 Bg4 16. Qd3 h5 17. Nb6 Ra7 18. Nc4 Bh6 19. Nba5 Bxf4 20. Nxc6 Qd7 21. Nxa7 Bh3 22. Rf2 Qg4 23. Nd6+ Kf8 24. Qb3 Qxg2+ 25. Rxg2 Rxg2+ 26. Kf1 Rg3+ 27. Kf2 1-0

[Event "18.Città di Padova Open A"]
[Site "Padova"]
[Date "2015.12.13"]
[Round "1.4"]
[White "Movileanu, Daniela"]
[Black "Zhigalko, Andrey"]
[Result "0-1"]
[WhiteElo "2195"]
[BlackElo "2585"]
[Annotator "Gabriele Ballarin"]
[PlyCount "82"]
[EventDate "2015.12.13"]
[EventType "swiss"]
[EventRounds "9"]
[EventCountry "ITA"]
[SourceTitle "The Week in Chess 1101"]
[Source "Mark Crowther"]
[SourceDate "2015.12.14"]
[SourceVersion "1"]
[SourceVersionDate "2015.12.14"]
[SourceQuality "2"]

1. e4 c5 2. Nf3 Nc6 3. d4 cxd4 4. Nxd4 Qb6 5. Nb3 Nf6 6. Nc3 e6 7. Be3 Qc7 8. f4 Bb4 9. Bd3 Bxc3+ 10. bxc3 d6 11. O-O b6 12. Qf3 Bb7 13. Qg3 O-O 14. Rae1 Kh8 15. Nd4 Rad8 16. Nxc6 Qxc6 17. Bd4 Ne8 18. Qh4 f6 19. Rf3 Qc7 20. Rh3 g6 21. e5 dxe5 22. Bxg6 Rd7 23. Bxe8 Rg7 24. Re2 exd4 25. Bh5 dxc3 26. Bf3 Ba6 27. Re1 Bc4 28. a4 Qc5+ 29. Qf2 Qf5 30. Kh1 Qxf4 31. Rh4 Qd2 32. Qxd2 cxd2 33. Rd1 Rc7 34. Rxd2 e5 35. Re4 Bf7 36. Be2 Rfc8 37. Bd3 Bg6 38. Re1 Bxd3 39. cxd3 Rc1 40. Rdd1 Rxd1 41. Rxd1 Rd8 0-1

[Event "18.Città di Padova Open A"]
[Site "Padova"]
[Date "2015.12.13"]
[Round "1.5"]
[White "Danin, Alexandre"]
[Black "Sorbera, Giovanni"]
[Result "1-0"]
[WhiteElo "2569"]
[BlackElo "2191"]
[Annotator "Gabriele Ballarin"]
[PlyCount "77"]
[EventDate "2015.12.13"]
[EventType "swiss"]
[EventRounds "9"]
[EventCountry "ITA"]
[SourceTitle "The Week in Chess 1101"]
[Source "Mark Crowther"]
[SourceDate "2015.12.14"]
[SourceVersion "1"]
[SourceVersionDate "2015.12.14"]
[SourceQuality "2"]

1. e4 e5 2. Nf3 Nc6 3. d4 exd4 4. Nxd4 Qf6 5. Nxc6 Bc5 6. Qd2 dxc6 7. Nc3 Bb4 8. Qe3 Ne7 9. Bd2 b6 10. a3 Bc5 11. Qf4 Qe6 12. Bd3 Ng6 13. Qg3 h5 14. f4 h4 15. Qf3 Qg4 16. Qf1 h3 17. g3 Qh5 18. Be2 Bg4 19. Bxg4 Qxg4 20. Qe2 Qd7 21. O-O-O O-O-O 22. f5 Ne5 23. Bg5 Bd6 24. Bxd8 Qxd8 25. Kb1 Qe7 26. Qa6+ Kb8 27. Rd4 Bc5 28. Rd2 Be3 29. Re2 Bc5 30. Rd1 Rd8 31. Red2 Rxd2 32. Rxd2 b5 33. Rd1 Bb6 34. a4 b4 35. Ne2 Nd7 36. Qd3 Kc8 37. Nd4 Nc5 38. Nxc6 Qe8 39. Qb5 1-0

[Event "18.Città di Padova Open A"]
[Site "Padova"]
[Date "2015.12.13"]
[Round "1.6"]
[White "Ljubisavljevic, Zivojin Z"]
[Black "Maiorov, Nikita"]
[Result "0-1"]
[WhiteElo "2183"]
[BlackElo "2566"]
[Annotator "Gabriele Ballarin"]
[PlyCount "68"]
[EventDate "2015.12.13"]
[EventType "swiss"]
[EventRounds "9"]
[EventCountry "ITA"]
[SourceTitle "The Week in Chess 1101"]
[Source "Mark Crowther"]
[SourceDate "2015.12.14"]
[SourceVersion "1"]
[SourceVersionDate "2015.12.14"]
[SourceQuality "2"]

1. d4 Nf6 2. c4 e6 3. Nf3 b6 4. g3 Bb7 5. Bg2 Be7 6. O-O O-O 7. Nc3 d5 8. cxd5 exd5 9. Ne5 Na6 10. Qa4 Qd6 11. a3 c5 12. e3 Rfd8 13. f4 Ne4 14. Qc2 Nf6 15. Bd2 Nc7 16. Be1 Ne6 17. Bf2 Rac8 18. Qf5 g6 19. Qh3 Ne4 20. Bxe4 dxe4 21. d5 Bxd5 22. Rad1 Nc7 23. Nxf7 Kxf7 24. Qxh7+ Ke8 25. Nxd5 Nxd5 26. Qg8+ Bf8 27. f5 gxf5 28. Be1 Ne7 29. Rxd6 Nxg8 30. Re6+ Kf7 31. Re5 Nh6 32. Rxe4 Re8 33. Rh4 Kg6 34. Bc3 Rxe3 0-1

[Event "18.Città di Padova Open A"]
[Site "Padova"]
[Date "2015.12.13"]
[Round "1.7"]
[White "Nikolov, Momchil"]
[Black "Santolini, Luigi"]
[Result "1/2-1/2"]
[WhiteElo "2548"]
[BlackElo "2156"]
[Annotator "Gabriele Ballarin"]
[PlyCount "51"]
[EventDate "2015.12.13"]
[EventType "swiss"]
[EventRounds "9"]
[EventCountry "ITA"]
[SourceTitle "The Week in Chess 1101"]
[Source "Mark Crowther"]
[SourceDate "2015.12.14"]
[SourceVersion "1"]
[SourceVersionDate "2015.12.14"]
[SourceQuality "2"]

1. d4 Nf6 2. c4 e6 3. Nc3 d5 4. cxd5 Nxd5 5. e4 Nxc3 6. bxc3 c5 7. d5 exd5 8. exd5 Be7 9. Nf3 O-O 10. Be3 Bf5 11. Qb3 Qb6 12. Bc4 Nd7 13. O-O Qxb3 14. Bxb3 Bd3 15. Rfd1 c4 16. Ne1 cxb3 17. Nxd3 Rfc8 18. axb3 Rxc3 19. b4 b6 20. b5 Rb3 21. d6 Bf6 22. Rab1 Rxb1 23. Rxb1 a5 24. bxa6 Rxa6 25. Kf1 Ra1 26. Re1 1/2-1/2

[Event "18.Città di Padova Open A"]
[Site "Padova"]
[Date "2015.12.13"]
[Round "1.8"]
[White "Santeramo, Alessia Carmen"]
[Black "Zelcic, Robert"]
[Result "1/2-1/2"]
[WhiteElo "2133"]
[BlackElo "2520"]
[Annotator "Gabriele Ballarin"]
[PlyCount "87"]
[EventDate "2015.12.13"]
[EventType "swiss"]
[EventRounds "9"]
[EventCountry "ITA"]
[SourceTitle "The Week in Chess 1101"]
[Source "Mark Crowther"]
[SourceDate "2015.12.14"]
[SourceVersion "1"]
[SourceVersionDate "2015.12.14"]
[SourceQuality "2"]

1. e4 Nf6 2. e5 Nd5 3. d4 d6 4. c4 Nb6 5. exd6 cxd6 6. Nc3 g6 7. Be3 Bg7 8. Rc1 O-O 9. b3 Nc6 10. d5 Ne5 11. Be2 h5 12. h3 e6 13. Nf3 exd5 14. Nxd5 Nxd5 15. Qxd5 Be6 16. Qxb7 Qa5+ 17. Nd2 Rfb8 18. Qe7 Re8 19. Qh4 Bf5 20. O-O Nd3 21. Bxd3 Bxd3 22. Rfd1 Re6 23. Nf3 Be2 24. Rd5 Qa3 25. Rc2 Bxf3 26. gxf3 Rae8 27. Kg2 Qb4 28. Rcd2 a5 29. Qg3 Bf8 30. Rd1 a4 31. Rxh5 axb3 32. Bd4 Bg7 33. Bxg7 Kxg7 34. Qg5 Kg8 35. Rh4 bxa2 36. Qh6 Qb2 37. Qh7+ Kf8 38. Rf4 R8e7 39. Rfd4 f5 40. Qh8+ Kf7 41. Qh7+ Kf8 42. Qh8+ Kf7 43. Qh7+ Kf8 44. Qh8+ 1/2-1/2

[Event "18.Città di Padova Open A"]
[Site "Padova"]
[Date "2015.12.13"]
[Round "1.9"]
[White "Strikovic, Aleksandr"]
[Black "Gregori, Giacomo"]
[Result "1-0"]
[WhiteElo "2505"]
[BlackElo "2113"]
[Annotator "Gabriele Ballarin"]
[PlyCount "81"]
[EventDate "2015.12.13"]
[EventType "swiss"]
[EventRounds "9"]
[EventCountry "ITA"]
[SourceTitle "The Week in Chess 1101"]
[Source "Mark Crowther"]
[SourceDate "2015.12.14"]
[SourceVersion "1"]
[SourceVersionDate "2015.12.14"]
[SourceQuality "2"]

1. c4 Nf6 2. Nc3 g6 3. e4 d6 4. d4 Bg7 5. f3 O-O 6. Bg5 c6 7. Qd2 e5 8. d5 c5 9. Nge2 Nbd7 10. g4 a6 11. Ng3 b5 12. cxb5 axb5 13. Bxb5 Ba6 14. Bxa6 Rxa6 15. O-O Qb6 16. Rab1 Rb8 17. Be3 Qa5 18. Rfc1 c4 19. Qe2 Rc8 20. Nf1 Raa8 21. Nd2 Nb6 22. a3 Rab8 23. Na2 h5 24. h3 hxg4 25. hxg4 Nfxd5 26. exd5 Nxd5 27. Nxc4 Qb5 28. b3 Nf4 29. Bxf4 exf4 30. a4 Qa6 31. Qd2 d5 32. Qxd5 Rd8 33. Qe4 Bd4+ 34. Kg2 Qf6 35. Rd1 Qh4 36. Qe1 Qf6 37. Rd2 Re8 38. Re2 Rxe2+ 39. Qxe2 Kg7 40. Rh1 Rxb3 41. Qe8 1-0

[Event "18.Città di Padova Open A"]
[Site "Padova"]
[Date "2015.12.13"]
[Round "1.11"]
[White "Zaja, Ivan"]
[Black "Parrella, Alfredo"]
[Result "1-0"]
[WhiteElo "2481"]
[BlackElo "2097"]
[Annotator "Gabriele Ballarin"]
[PlyCount "45"]
[EventDate "2015.12.13"]
[EventType "swiss"]
[EventRounds "9"]
[EventCountry "ITA"]
[SourceTitle "The Week in Chess 1101"]
[Source "Mark Crowther"]
[SourceDate "2015.12.14"]
[SourceVersion "1"]
[SourceVersionDate "2015.12.14"]
[SourceQuality "2"]

1. d4 d5 2. c4 e6 3. Nc3 c6 4. Nf3 dxc4 5. e3 Nf6 6. Bxc4 c5 7. O-O Nc6 8. Qe2 cxd4 9. exd4 Be7 10. Rd1 O-O 11. Bg5 Nb4 12. Ne5 Bd7 13. a3 Nbd5 14. Rd3 Bc6 15. Rg3 Nxc3 16. bxc3 Ne4 17. Nxc6 Nxg3 18. Nxe7+ Qxe7 19. Bxe7 Nxe2+ 20. Bxe2 Rfc8 21. c4 Rc7 22. Bd6 Rd7 23. c5 1-0

[Event "18.Città di Padova Open A"]
[Site "Padova"]
[Date "2015.12.13"]
[Round "1.12"]
[White "Lantini, Marco"]
[Black "Kovacevic, Blazimir"]
[Result "0-1"]
[WhiteElo "2083"]
[BlackElo "2480"]
[Annotator "Gabriele Ballarin"]
[PlyCount "37"]
[EventDate "2015.12.13"]
[EventType "swiss"]
[EventRounds "9"]
[EventCountry "ITA"]
[SourceTitle "The Week in Chess 1101"]
[Source "Mark Crowther"]
[SourceDate "2015.12.14"]
[SourceVersion "1"]
[SourceVersionDate "2015.12.14"]
[SourceQuality "2"]

1. d4 e6 2. c4 Bb4+ 3. Nd2 b6 4. Ngf3 Bb7 5. a3 Bxd2+ 6. Bxd2 d6 7. e3 Nf6 8. Be2 O-O 9. O-O Nbd7 10. b4 Ne4 11. Qb3 f5 12. Be1 Rf6 13. Nh4 g5 14. f3 gxh4 15. fxe4 Bxe4 16. Bxh4 Rg6 17. Rf4 Rxg2+ 18. Kh1 Qxh4 19. Rxe4 0-1

[Event "18.Città di Padova Open A"]
[Site "Padova"]
[Date "2015.12.13"]
[Round "1.13"]
[White "Swayams, Mishra"]
[Black "Redo, Giorgio"]
[Result "1-0"]
[WhiteElo "2478"]
[BlackElo "2055"]
[Annotator "Gabriele Ballarin"]
[PlyCount "77"]
[EventDate "2015.12.13"]
[EventType "swiss"]
[EventRounds "9"]
[EventCountry "ITA"]

1. d4 c5 2. d5 e5 3. e4 d6 4. Nc3 a6 5. a4 b6 6. g3 g6 7. Bg2 Bg7 8. Nf3 Nf6 9. O-O O-O 10. Nd2 Ne8 11. f4 Nd7 12. f5 Rb8 13. Nc4 Qc7 14. Na3 Ndf6 15. g4 h6 16. Qe2 Qd8 17. Rb1 Nh7 18. Be3 Qc7 19. h4 g5 20. hxg5 hxg5 21. Kf2 f6 22. Rh1 Rf7 23. Rh5 Bf8 24. Bf1 Be7 25. Qf3 Bd8 26. Bd3 Ra8 27. Qh3 Rg7 28. Rh6 Qf7 29. b4 Bc7 30. Nc4 Ra7 31. a5 Rb7 32. axb6 Bxb6 33. Nxb6 Rxb6 34. bxc5 Rxb1 35. Nxb1 Qb7 36. Nd2 dxc5 37. Bxc5 Rc7 38. Qh5 Rf7 39. Rxh7 1-0